Less famous sequels - Statistics

General Stats
  • This quiz has been taken 27 times
  • The average score is 5 of 20
Answer Stats
Hint Answer % Correct
Silence of the Lambs Hannibal
89%
Little Women Little Men
47%
The Wizard of Oz Return to Oz
47%
Gone with the Wind Scarlett
42%
The Mask Son of the Mask
42%
Aladdin The Return of Jafar
42%
Saturday Night Fever Staying Alive
37%
To Killl a Mockingbird Go Set a Watchman
32%
Paradise Lost Paradise Regained
32%
The Phantom of the Opera Love Never Dies
26%
Funny Girl Funny Lady
16%
The Devil Wears Prada Revenge Wears Prada: The Devil Returns
11%
The Wonderful Wizard of Oz The Marvelous Land of Oz
11%
Annie Annie Warbucks
5%
A Wrinkle in Time A Wind in the Door
5%
Bye Bye Birdie Bring Back Birdie
5%
Catch-22 Closing Time
5%
Dandelion Wine Farewell Summer
5%
The Three Musketeers Twenty Years After
5%
No, No, Nanette Yes, Yes, Yvette
5%
No matching quizzes found
Score Distribution
Percent of People with Each Score
Percentile by Number Answered
Your Score History
You have not taken this quiz